000 00293nam a2200109Ia 4500
008 200302s9999 xx 000 0 und d
100 _aDr. B. C. Punmia Others
245 _aComprehensive Design of Steel Structures
260 _bLaxmi Publication Pvt. Ltd.
260 _c2003
300 _a1156 P.,
999 _c1997
_d1997